banner koha

Crescimento do feijoeiro sob efeito de adubação e competição com plantas daninhas (Registro n. 258731)

MARC details
000 -LÍDER
campo de controle de tamanho fixo 01152nas a2200361 4500
001 - NÚMERO DE CONTROLE
campo de controle BR2021000278
003 - IDENTIFICADOR DO NÚMERO DE CONTROLE
campo de controle BR-BrBNA
005 - DATA E HORÁRIO DA ÚLTIMA TRANSAÇÃO
campo de controle 20231205132138.0
007 - CAMPO FIXO DE DESCRIÇÃO FÍSICA--INFORMAÇÃO GERAL
campo de controle de tamanho fixo ta
008 - CAMPO DE DADOS FIXOS--INFORMAÇÃO GERAL
campo de controle de tamanho fixo 230509b bl.|||p| |||| 00| 00por d
040 ## - FONTE DA CATALOGAÇÃO
Instituição da catalogação original BR-BrBNA
Idioma da catalogação por
Instituição que transcreveu o registro Biblioteca Nacional de Agricultura
041 ## - CÓDIGO DE IDIOMA
Código do idioma do texto/trilha sonora ou título diferente (Pt)
072 ## - CÓDIGO DE CATEGORIA DE ASSUNTO
Código de Categoria de Assunto H60; F04
100 1# - ENTRADA PRINCIPAL--NOME PESSOAL
Nome pessoal Araújo, K.C.
100 1# - ENTRADA PRINCIPAL--NOME PESSOAL
Nome pessoal Silveira Júnior, M.A. da
100 1# - ENTRADA PRINCIPAL--NOME PESSOAL
Nome pessoal Ferreira, E.A.
100 1# - ENTRADA PRINCIPAL--NOME PESSOAL
Nome pessoal Silva, E. de B.
100 1# - ENTRADA PRINCIPAL--NOME PESSOAL
Nome pessoal Pereira, G.A.M.
100 1# - ENTRADA PRINCIPAL--NOME PESSOAL
Nome pessoal Silva, D.V.
100 1# - ENTRADA PRINCIPAL--NOME PESSOAL
Nome pessoal Lima, R.C.
245 1# - TÍTULO
Título Crescimento do feijoeiro sob efeito de adubação e competição com plantas daninhas
650 ## - ASSUNTO--TERMO TÓPICO
Cabeçalho tópico ou nome geográfico BIDENS PILOSA
650 ## - ASSUNTO--TERMO TÓPICO
Cabeçalho tópico ou nome geográfico PICÃO PRETO
650 ## - ASSUNTO--TERMO TÓPICO
Cabeçalho tópico ou nome geográfico ERVA DANINHA
650 ## - ASSUNTO--TERMO TÓPICO
Cabeçalho tópico ou nome geográfico PHASEOLUS VULGARIS
650 ## - ASSUNTO--TERMO TÓPICO
Cabeçalho tópico ou nome geográfico FEIJÃO
650 ## - ASSUNTO--TERMO TÓPICO
Cabeçalho tópico ou nome geográfico PAPUA
773 0# - ENTRADA ANALÍTICA
Título Nativa. Pesquisas Agrárias e Ambientais (Brazil)
ISSN - International Standard Serial Number ISSN 2318-7670
Partes relacionadas (Jan-Feb 2018), v. 6(1) p. 20-26
Número de controle do registro BR2021000278
856 40 - LOCALIZAÇÃO ELETRÔNICA E ACESSO
Uniform Resource Identifier <a href="https://periodicoscientificos.ufmt.br/ojs/index.php/nativa/article/view/4686/4607">https://periodicoscientificos.ufmt.br/ojs/index.php/nativa/article/view/4686/4607</a>
856 40 - LOCALIZAÇÃO ELETRÔNICA E ACESSO
Caminho Link DSPACE/MAPA BR2021000278
909 ## -
-- 202311
-- Lúcia
-- 55
-- Lúcia Elande
942 ## - ELEMENTOS DE ENTRADA ADICIONADOS (KOHA)
Fonte da classificação ou esquema de arquivamento na estante Classificação AGRIS
Ocultar no OPAC Não
Tipo de material Koha Analítica
Exemplares
Situação do descarte Fonte da classificação ou esquema de arquivamento na estante Situação física Não pode ser emprestado Biblioteca de origem Biblioteca atual Localização na estante Enumeração do periódico / cronologia Total de empréstimos Data de último acesso Número do exemplar Tipo de material Koha Fonte de aquisição
  Classificação AGRIS   Consulta local Biblioteca Nacional de Agricultura - Binagri Biblioteca Nacional de Agricultura - Binagri   (Jan-Feb 2018), v. 6(1) p. 20-26   29/11/2023 01 Periódicos Portaria Interministerial nº 164/94

BINAGRI

Telefone: (61)3218-2567/2388/3357/2097 - binagri@agro.gov.br

Ministério da Agricultura e Pecuária , Esplanada dos Ministérios, Bloco D, Anexo B, Brasília/DF, CEP: 70.043-900